000 00536nam a2200229Ia 4500
003 OSt
005 20221005131746.0
006 a|||||r|||| 00| 0
007 ta
008 221004b |||||||| |||| 00| 0 eng d
024 _a51058
037 _cTextual
040 _aCRL
_cCRL
_beng
041 _2eng
_aeng
082 _aQ2.21, J3
100 _aPillay K K
_9100605
245 0 _aSucindram temple
260 _c1953
650 _aRELIGION
942 _hQ2.21, J3
_cTEXL
_2cc
999 _c1061303
_d1061303